Normal view
MARC view
- Zahoor, Musharaf
Entry Personal Name
001 - CONTROL NUMBER
- control field: 124244
003 - CONTROL NUMBER IDENTIFIER
- control field: NUST
005 - DATE AND TIME OF LATEST TRANSACTION
- control field: 20240709122222.0
008 - FIXED-LENGTH DATA ELEMENTS
- fixed length control field: 240709|| aca||aabn | a|a d
040 ## - CATALOGING SOURCE
- Original cataloging agency: NUST
- Transcribing agency: NUST
100 ## - HEADING--PERSONAL NAME
- Personal name: Zahoor, Musharaf
670 ## - SOURCE DATA FOUND
- Source citation: Work cat.: (NUST): Zahoor, Musharaf, Impact of International Media Coverage on Palestine-Israel Conflict/
